[Event "NOR-chB"]
[Site "Oslo"]
[Date "2023.07.07"]
[Round "8"]
[White "Jorgensen, Orjan"]
[Black "Hole, Vegard"]
[Result "1-0"]
[WhiteElo "1569"]
[BlackElo "1526"]
[PlyCount "59"]
[EventDate "2023.06.30"]
[EventType "swiss"]
[EventRounds "9"]
[EventCountry "NOR"]
[SourceTitle "EXT 2024"]
[Source "ChessBase"]
[SourceDate "2023.10.10"]
[SourceVersion "1"]
[SourceVersionDate "2023.10.10"]
[SourceQuality "1"]

1. e4 e5 2. Bc4 Nc6 3. Nf3 Nf6 4. Ng5 d5 5. exd5 Nxd5 6. Nxf7 Kxf7 7. Qf3+ Ke6 8. Nc3 Ncb4 9. 0-0 c6 10. Qe4 Kd6 11. d4 Qf6 12. dxe5+ Qxe5 13. Re1 Qxe4 14. Nxe4+ Kc7 15. Re2 Bf5 16. Bg5 Nxc2 17. Rd1 Bxe4 18. Rxe4 Nb6 19. Bf4+ Bd6 20. Bxd6+ Kc8 21. Be6+ Nd7 22. Bxd7+ Kxd7 23. Re7+ Kc8 24. Rc7+ Kd8 25. Be5+ Ke8 26. Rdd7 Rd8 27. Re7+ Kf8 28. Rf7+ Kg8 29. Rxg7+ Kf8 30. h3 1-0

[Event "Asker CC-ch Class A"]
[Site "Asker"]
[Date "2017.01.23"]
[Round "2"]
[White "Hole, Vegard"]
[Black "Moe, Cato"]
[Result "1-0"]
[WhiteElo "1602"]
[BlackElo "1399"]
[PlyCount "55"]
[EventDate "2017.01.09"]
[EventType "swiss"]
[EventRounds "9"]
[EventCountry "NOR"]
[SourceTitle "EXT 2024"]
[Source "ChessBase"]
[SourceDate "2023.10.10"]
[SourceVersion "1"]
[SourceVersionDate "2023.10.10"]
[SourceQuality "1"]

1. d4 d5 2. e3 Nf6 3. Bd3 e6 4. Nd2 Bd6 5. f4 Nbd7 6. Ngf3 h6 7. Ne5 c5 8. c3 cxd4 9. exd4 Ne4 10. Nxe4 dxe4 11. Bxe4 Nxe5 12. dxe5 Bc7 13. Qxd8+ Bxd8 14. Be3 Bh4+ 15. g3 Be7 16. 0-0 a5 17. Rfd1 0-0 18. Rd2 g5 19. Rg2 f5 20. exf6 Bxf6 21. Rd1 a4 22. a3 Ra5 23. fxg5 Bxg5 24. Bxg5 hxg5 25. Rd4 b5 26. Rf2 Rxf2 27. Kxf2 Ra7 28. Rd8+ 1-0

[Event "Asker CC-ch Class A"]
[Site "Asker"]
[Date "2017.01.09"]
[Round "1"]
[White "Flatrud, Alex"]
[Black "Hole, Vegard"]
[Result "1-0"]
[WhiteElo "1318"]
[BlackElo "1602"]
[PlyCount "117"]
[EventDate "2017.01.09"]
[EventType "swiss"]
[EventRounds "9"]
[EventCountry "NOR"]
[SourceTitle "EXT 2024"]
[Source "ChessBase"]
[SourceDate "2023.10.10"]
[SourceVersion "1"]
[SourceVersionDate "2023.10.10"]
[SourceQuality "1"]

1. e4 c6 2. d4 d5 3. exd5 cxd5 4. Be3 Bf5 5. c4 Nf6 6. Nc3 e6 7. Nf3 Nc6 8. a3 a6 9. Be2 dxc4 10. Bxc4 b5 11. Bd3 Bg4 12. 0-0 Be7 13. Rc1 Rc8 14. Nxb5 e5 15. dxe5 Nxe5 16. Rxc8 Qxc8 17. Qc1 Nxd3 18. Qxc8+ Bxc8 19. Nc7+ Kf8 20. Rd1 Nc5 21. Bxc5 Nd7 22. Bxe7+ Kxe7 23. Nd5+ Ke6 24. Ng5+ Kf5 25. Nxf7 Rf8 26. Nd6+ Kg5 27. g3 Nf6 28. Nxf6 gxf6 29. Nxc8 Rxc8 30. Rd5+ Kg6 31. Ra5 Rc6 32. b4 Rb6 33. Kg2 Kf7 34. g4 h6 35. f3 Kg7 36. Kg3 Rc6 37. a4 Rb6 38. b5 axb5 39. axb5 Kg6 40. f4 h5 41. h3 hxg4 42. hxg4 Rb7 43. Ra6 Rxb5 44. g5 Rb4 45. Rxf6+ Kg7 46. f5 Rd4 47. Rd6 Rb4 48. Rd7+ Kf8 49. g6 Rb3+ 50. Kf4 Rb4+ 51. Ke5 Rb5+ 52. Ke6 Rb1 53. f6 Re1+ 54. Kd6 Rd1+ 55. Kc7 Re1 56. Rd8+ Re8 57. Rxe8+ Kxe8 58. Kd6 Kf8 59. Kd7 1-0

[Event "Asker Autumn A"]
[Site "Asker"]
[Date "2016.11.21"]
[Round "8"]
[White "Hole, Vegard"]
[Black "Lovberget, Erik"]
[Result "1-0"]
[WhiteElo "1592"]
[BlackElo "1466"]
[PlyCount "113"]
[EventDate "2016.08.29"]
[EventType "swiss"]
[EventRounds "9"]
[EventCountry "NOR"]
[SourceTitle "EXT 2024"]
[Source "ChessBase"]
[SourceDate "2023.10.10"]
[SourceVersion "1"]
[SourceVersionDate "2023.10.10"]
[SourceQuality "1"]

1. d4 d5 2. e3 Nf6 3. Bd3 e6 4. Nd2 c5 5. c3 Be7 6. f4 Nbd7 7. Ngf3 0-0 8. 0-0 Qc7 9. Ne5 g6 10. Rf3 cxd4 11. exd4 b6 12. Rh3 Bb7 13. Ndf3 Ne4 14. Nxd7 Qxd7 15. Ng5 Nxg5 16. fxg5 e5 17. dxe5 d4 18. Bf1 Bc5 19. Be3 Rad8 20. cxd4 Bxd4 21. Bxd4 Qxd4+ 22. Qxd4 Rxd4 23. Rd3 Rxd3 24. Bxd3 Rd8 25. Rd1 Rd5 26. h4 Rxe5 27. Rf1 Bd5 28. a3 Re3 29. Rd1 Bb3 30. Rd2 Kg7 31. Kf2 Re5 32. Ba6 Rf5+ 33. Kg3 Ra5 34. Bc8 Rc5 35. Bg4 a5 36. Bf3 b5 37. Kf2 a4 38. Ke3 Re5+ 39. Kd4 Rf5 40. Re2 Bc4 41. Re5 Rf4+ 42. Re4 Rf5 43. Kc3 h6 44. gxh6+ Kxh6 45. Rd4 Re5 46. Bd1 Bf1 47. g4 Kg7 48. Kb4 f5 49. Rf4 Re1 50. Rd4 f4 51. Bf3 Rb1 52. Rd7+ Kf6 53. g5+ Ke5 54. Rd5+ Ke6 55. Rd2 Bc4 56. Be4 Kf7 57. Bxb1 1-0

[Event "Asker Autumn A"]
[Site "Asker"]
[Date "2016.08.29"]
[Round "1"]
[White "Hole, Vegard"]
[Black "Holtermann, Eilert"]
[Result "1-0"]
[WhiteElo "1592"]
[BlackElo "1375"]
[PlyCount "71"]
[EventDate "2016.08.29"]
[EventType "swiss"]
[EventRounds "9"]
[EventCountry "NOR"]
[SourceTitle "EXT 2024"]
[Source "ChessBase"]
[SourceDate "2023.10.10"]
[SourceVersion "1"]
[SourceVersionDate "2023.10.10"]
[SourceQuality "1"]

1. d4 d5 2. Nf3 g6 3. Bf4 Bg7 4. e3 c6 5. c3 Nd7 6. Bd3 Ndf6 7. Nbd2 Bg4 8. h3 Bxf3 9. Qxf3 Nh6 10. g4 Nhg8 11. g5 Nd7 12. Qg3 b6 13. e4 h6 14. h4 b5 15. exd5 Rc8 16. dxc6 Rxc6 17. Bxb5 Re6+ 18. Be3 Qb6 19. a4 a6 20. Nc4 Qa7 21. Bxd7+ Qxd7 22. Qb8+ Qd8 23. Qxd8+ Kxd8 24. Ke2 f6 25. Kd3 f5 26. d5 Re4 27. f3 Rxc4 28. Kxc4 Kd7 29. Bd4 Bxd4 30. Kxd4 Kd6 31. Rhe1 e5+ 32. Rxe5 Ne7 33. Rae1 Re8 34. Rxe7 Rxe7 35. Rxe7 Kxe7 36. Ke5 1-0

[Event "Asker CC-ch Class A"]
[Site "Asker"]
[Date "2016.04.25"]
[Round "8"]
[White "Hole, Vegard"]
[Black "Omland, Harald"]
[Result "1-0"]
[WhiteElo "1429"]
[BlackElo "1309"]
[PlyCount "127"]
[EventDate "2016.01.11"]
[EventType "swiss"]
[EventRounds "9"]
[EventCountry "NOR"]
[SourceTitle "EXT 2024"]
[Source "ChessBase"]
[SourceDate "2023.10.10"]
[SourceVersion "1"]
[SourceVersionDate "2023.10.10"]
[SourceQuality "1"]

1. d4 c5 2. c3 e6 3. Nf3 d5 4. Bf4 Nf6 5. e3 Bd6 6. Bg3 Bxg3 7. hxg3 c4 8. Be2 Nbd7 9. Nbd2 Ng4 10. Qc2 g6 11. e4 h5 12. e5 a5 13. Nh2 Nh6 14. 0-0-0 Qg5 15. Kb1 Qf5 16. Qxf5 Nxf5 17. g4 hxg4 18. Nxg4 Rf8 19. Rh7 b5 20. Rdh1 b4 21. Rh8 bxc3 22. bxc3 a4 23. Nf6+ Ke7 24. Rxf8 Nxf8 25. g4 Ng7 26. Nf3 a3 27. Kc2 Nd7 28. g5 Nb6 29. Rb1 Na4 30. Rb4 Nf5 31. Kd2 Nb2 32. Ne1 Kd8 33. Nc2 Kc7 34. Rb5 Ba6 35. Rc5+ Kd8 36. Ra5 Bb7 37. Rxa8+ Bxa8 38. Nxa3 Bc6 39. Nc2 Ba4 40. Nb4 Bb5 41. Kc2 Na4 42. Bd1 Nh4 43. Ng4 Ng2 44. Ne3 Nxe3+ 45. fxe3 Kd7 46. Kd2 Nb2 47. Kc1 Na4 48. Bxa4 Bxa4 49. Kb2 Kc7 50. Ka3 Bb5 51. Nc2 Kb6 52. Kb4 Bc6 53. a4 Ka6 54. Na3 Kb6 55. Nb5 Kb7 56. Nd6+ Kb6 57. Nxf7 Bd7 58. Nd6 Bc6 59. Nb5 Bd7 60. a5+ Kb7 61. Nd6+ Kc6 62. e4 dxe4 63. Nxe4 Kd5 64. Nf6+ 1-0

[Event "Asker CC-ch Class A"]
[Site "Asker"]
[Date "2016.04.11"]
[Round "7"]
[White "Grondahl, Jan Robert"]
[Black "Hole, Vegard"]
[Result "0-1"]
[WhiteElo "997"]
[BlackElo "1429"]
[PlyCount "52"]
[EventDate "2016.01.11"]
[EventType "swiss"]
[EventRounds "9"]
[EventCountry "NOR"]
[SourceTitle "EXT 2024"]
[Source "ChessBase"]
[SourceDate "2023.10.10"]
[SourceVersion "1"]
[SourceVersionDate "2023.10.10"]
[SourceQuality "1"]

1. e4 c6 2. d4 d5 3. Nc3 dxe4 4. Nxe4 Nf6 5. Nxf6+ gxf6 6. Nf3 Bf5 7. Bd3 Bg6 8. Bxg6 hxg6 9. 0-0 Qc7 10. Re1 e6 11. d5 cxd5 12. Qxd5 Bd6 13. g3 Nc6 14. Bd2 Rh5 15. Qd3 0-0-0 16. Qc3 Rf5 17. a3 Be7 18. Re3 Qb6 19. b4 Kb8 20. Re2 a6 21. Be3 Qb5 22. Rd2 Rxf3 23. Rxd8+ Bxd8 24. Qd2 Qd5 25. Qe2 Qh5 26. Kg2 Rxg3+ 0-1

[Event "Asker op"]
[Site "Asker"]
[Date "2014.12.01"]
[Round "9"]
[White "Holtermann, Eilert"]
[Black "Hole, Vegard"]
[Result "0-1"]
[WhiteElo "1233"]
[BlackElo "1345"]
[PlyCount "82"]
[EventDate "2014.09.01"]
[EventType "swiss"]
[EventRounds "9"]
[EventCountry "NOR"]
[SourceTitle "EXT 2017"]
[Source "ChessBase"]
[SourceDate "2016.10.25"]
[SourceVersion "1"]
[SourceVersionDate "2016.10.25"]
[SourceQuality "1"]

1. d4 Nf6 2. Nf3 g6 3. g3 Bg7 4. Bg2 d6 5. c3 0-0 6. 0-0 c6 7. Re1 Nbd7 8. e4 Qc7 9. Ng5 h6 10. Nf3 e5 11. dxe5 dxe5 12. Nh4 Nc5 13. Qc2 Rd8 14. Be3 Bf8 15. Nd2 Nd3 16. Re2 Bg4 17. f3 Be6 18. b4 c5 19. a3 c4 20. Bf1 a5 21. g4 axb4 22. cxb4 Nxb4 23. axb4 Rxa1 24. Nb3 Raa8 25. Nc5 Bxc5 26. Bxc5 b5 27. Qc1 g5 28. Nf5 Bxf5 29. gxf5 Nh5 30. h4 Nf4 31. Rh2 f6 32. hxg5 hxg5 33. Qe3 Rd7 34. Bb6 Qc6 35. Bc5 Rb8 36. Qc3 Rh7 37. Rxh7 Kxh7 38. Qd2 Kg7 39. Qc3 Qd7 40. Be3 Rd8 41. Bxf4 gxf4 0-1

[Event "Asker op"]
[Site "Asker"]
[Date "2014.10.20"]
[Round "5"]
[White "Hole, Vegard"]
[Black "Omland, Harald"]
[Result "1/2-1/2"]
[WhiteElo "1345"]
[BlackElo "1281"]
[PlyCount "97"]
[EventDate "2014.09.01"]
[EventType "swiss"]
[EventRounds "9"]
[EventCountry "NOR"]
[SourceTitle "EXT 2017"]
[Source "ChessBase"]
[SourceDate "2016.10.25"]
[SourceVersion "1"]
[SourceVersionDate "2016.10.25"]
[SourceQuality "1"]

1. d4 c5 2. c3 Nf6 3. Bf4 e6 4. Nf3 Be7 5. e3 Nc6 6. Bd3 d5 7. Nbd2 Nh5 8. Be5 f6 9. Bg3 Nxg3 10. hxg3 e5 11. Bg6+ Kd7 12. Bxh7 Kc7 13. dxc5 Bf5 14. Bxf5 Rxh1+ 15. Nf1 Qg8 16. Qb3 Rd8 17. 0-0-0 Bxc5 18. Qb5 Bb6 19. a4 d4 20. exd4 exd4 21. cxd4 Qa2 22. d5 a6 23. Qe2 Qa1+ 24. Kc2 Qxa4+ 25. Kb1 Nb8 26. Rc1+ Nc6 27. Qe7+ Kb8 28. dxc6 bxc6 29. Bd7 Rxd7 30. Qxd7 Qe4+ 31. Ka2 Rxf1 32. Rxf1 Qc4+ 33. b3 Qxf1 34. Qd6+ Kb7 35. Qe7+ Bc7 36. Qb4+ Kc8 37. Qf8+ Kb7 38. Qb4+ Kc8 39. Qf8+ Kb7 40. Qb4+ Kc8 41. Qd2 Qxg2 42. Qe2 Kb7 43. Nd4 Be5 44. Ne6 Bxg3 45. Nc5+ Kb6 46. Na4+ Kb7 47. Nc5+ Kb6 48. Na4+ Kb7 49. Nc5+ 1/2-1/2

[Event "Asker op"]
[Site "Asker"]
[Date "2014.10.13"]
[Round "3"]
[White "Soyland, Jan"]
[Black "Hole, Vegard"]
[Result "0-1"]
[WhiteElo "1273"]
[BlackElo "1345"]
[PlyCount "36"]
[EventDate "2014.09.01"]
[EventType "swiss"]
[EventRounds "9"]
[EventCountry "NOR"]
[SourceTitle "EXT 2017"]
[Source "ChessBase"]
[SourceDate "2016.10.25"]
[SourceVersion "1"]
[SourceVersionDate "2016.10.25"]
[SourceQuality "1"]

1. e4 c6 2. d4 d5 3. exd5 cxd5 4. Nf3 Bf5 5. Bd3 Bg4 6. Bf4 Nc6 7. c3 Qb6 8. b3 Nf6 9. Na3 Nxd4 10. cxd4 Qb4+ 11. Qd2 Qxa3 12. Ne5 e6 13. Bb5+ Ke7 14. Rc1 Ne8 15. Nxg4 f6 16. Bxe8 Kxe8 17. Qe2 Bb4+ 18. Bd2 Qxc1+ 0-1

[Event "Asker op"]
[Site "Asker"]
[Date "2014.09.22"]
[Round "1"]
[White "Lovberget, Erik"]
[Black "Hole, Vegard"]
[Result "0-1"]
[WhiteElo "1342"]
[BlackElo "1345"]
[PlyCount "44"]
[EventDate "2014.09.01"]
[EventType "swiss"]
[EventRounds "9"]
[EventCountry "NOR"]
[SourceTitle "EXT 2017"]
[Source "ChessBase"]
[SourceDate "2016.10.25"]
[SourceVersion "1"]
[SourceVersionDate "2016.10.25"]
[SourceQuality "1"]

1. e4 c6 2. d4 d5 3. Nc3 dxe4 4. Nxe4 Nf6 5. Nxf6+ gxf6 6. Bf4 Bf5 7. Nf3 e6 8. Qd2 Bd6 9. Bxd6 Qxd6 10. 0-0-0 Nd7 11. Bd3 Bg6 12. Kb1 0-0-0 13. h3 Nb6 14. Bxg6 hxg6 15. Qe2 Qd5 16. Rhe1 Na4 17. Rd3 Rh5 18. Qe4 Qb5 19. Rb3 Qc4 20. Qd3 Qd5 21. Qe4 Qxe4 22. Rxe4 Nc5 0-1